00747cam a2200205 a 450000100100000000500170001000800410002704000250006808200210009310000300011424500360014426000780018030000280025865000360028665000370032291000340035904900090039395201240040299900150052600000509320200929151558.0850909s1982 pr 000 0 spa  aDO-SdBNPbspacBNPHU aPR861. 44bL615v1 aLergier, Clara de.91462010aVibracion! /cClara de Lergier. aSan Juan, Puerto Rico :bBiblioteca de Autores Puertorriqueños ,c1982. a69 p. :bill. ;c21 cm. 4aPoesía puertorriqueña91015 4aLiteratura puertorriqueña9250 aCatalogación por copia / LC aBNGR 001054708MOaGRbGRcCTd2009-07-29iLF1l0oPR861. 44 L615vp5093-10r2020-06-25w2020-06-25y4ZPréstamo en sala c4896d4896